All Governors of Virginia - Statistics

General Stats
  • This quiz has been taken 11 times
  • The average score is 27 of 84
Answer Stats
Years Served Party Answer % Correct
2026 - Present Democrat Abigail Spanberger
100%
2022 - 2026 Republican Glenn Youngkin
100%
2006 - 2010 Democrat Tim Kaine
100%
2002 - 2006 Democrat Mark Warner
89%
1799 - 1802 Democratic Republican James Monroe
78%
1811 Democratic Republican James Monroe
78%
2018 - 2022 Democrat Ralph Northam
78%
2014 - 2018 Democrat Terry McAuliffe
78%
1779 - 1781 None Thomas Jefferson
78%
1898 - 1902 Democrat James Hoge Tyler
67%
1825 - 1827 Democratic Republican John Tyler
67%
1808 - 1811 Democratic Republican John Tyler Jr.
67%
1776 - 1779 None Patrick Henry
67%
1784 - 1786 None Patrick Henry
67%
1962 - 1966 Democrat Albertis Harrison
56%
1781 - 1784 None Benjamin Harrison V
56%
1990 - 1994 Democrat Douglas Wilder
56%
1994 - 1998 Republican George Allen
56%
1926 - 1930 Democrat Harry F. Byrd
56%
1852 - 1856 Democrat Joseph Johnson
56%
2010 - 2014 Republican Bob McDonnell
44%
1982 - 1986 Democrat Chuck Robb
44%
1811 Democratic Republican George William Smith
44%
1811 Democratic Republican George William Smith
44%
1966 - 1970 Democrat Mills Godwin
44%
1974 - 1978 Republican Mills Godwin
44%
1846 - 1849 Democrat William Smith
44%
1864 - 1865 Democrat William Smith
44%
1788 - 1791 None Beverley Randolph
33%
1786 - 1788 None Edmund Randolph
33%
1886 - 1890 Democrat Fitzhugh Lee
33%
1986 - 1990 Democrat Gerald Baliles
33%
1791 - 1794 Federalist Henry Lee III
33%
1998 - 2002 Republican Jim Gilmore
33%
1970 - 1974 Republican Linwood Holton
33%
1834 - 1836 Democrat Littleton Waller Tazewell
33%
1811 - 1812 Democratic Republican Peyton Randolph
33%
1819 - 1822 Democratic Republican Thomas Mann Randolph Jr.
33%
1918 - 1922 Democrat Westmoreland Davis
33%
1934 - 1938 Democrat George C. Peery
22%
1856 - 1860 Democrat Henry A. Wise
22%
1938 - 1942 Democrat James Hubert Price
22%
1958 - 1962 Democrat J. Lindsay Almond
22%
1849 - 1852 Democrat John B. Floyd
22%
1830 - 1834 Democrat John Floyd
22%
1930 - 1934 Democrat John Garland Pollard
22%
1802 - 1805 Democratic Republican John Page
22%
1950 - 1954 Democrat John S. Battle
22%
1890 - 1894 Democrat Philip W. McKinney
22%
1954 - 1958 Democrat Thomas B. Stanley
22%
1946 - 1950 Democrat William M. Tuck
22%
1902 -1906 Democrat Andrew Jackson Montague
11%
1894 - 1898 Democrat Charles Triplett O'Ferrall
11%
1906 - 1910 Democrat Claude A. Swanson
11%
1942 - 1946 Democrat Colgate Darden
11%
1922 - 1926 Democrat Elbert Lee Trinkle
11%
1861 - 1868 Union Francis Harrison Pierpont
11%
1869 - 1874 Republican Gilbert Carlton Walker
11%
1914 - 1918 Democrat Henry Carter Stuart
11%
1843 - 1846 Whig James McDowell
11%
1816 - 1819 Democratic Republican James Patton Preston
11%
1822 - 1825 Democratic Republican James Pleasants
11%
1796 - 1799 Democratic Republican James Wood
11%
1860 - 1864 Democrat John Letcher
11%
1978 - 1982 Republican John N. Dalton
11%
1841 - 1842 Democrat John Rutherfoord
11%
1781 None Thomas Nelson Jr.
11%
1840 - 1841 Whig Thomas Walker Gilmer
11%
1827 - 1830 Democratic Republican William Branch Giles
11%
1882 - 1886 Readjuster William E. Cameron
11%
1805 - 1808 Democratic Republican William H. Cabell
11%
1910 - 1914 Democrat William Hodges Mann
11%
1836 - 1837 Whig Wyndham Robertson
11%
1837 - 1840 Democrat David Campbell
0%
1781 None David Jameson
0%
1878 - 1882 Democrat Frederick W. M. Holliday
0%
1868 - 1869 Not Applicable Henry H. Wells
0%
1812 - 1814 Democratic Republican James Barbour
0%
1874 - 1878 Democrat James L. Kemper
0%
1841 Whig John M. Patton
0%
1842 - 1843 Whig John Munford Gregory
0%
1794 - 1796 Democratic Republican Robert Brooke
0%
1781 None William Fleming
0%
1814 - 1816 Democratic Republican Wilson Cary Nicholas
0%
No matching quizzes found
Score Distribution
Percent of People with Each Score
Percentile by Number Answered
Your Score History
You have not taken this quiz